000 00711nam a22002417a 4500
001 BD-DhSAU 4330
003 BD-DhSAU
005 20150216132631.0
008 150216b1975 nyub||||r|||| 001 0 eng d
040 _aBD-DhSAU
082 _222
_a635
_bEDF
100 _aEdmond, J. B.
245 _aFundamentals of horticulture /
_cJ. B. Edmond, T. L. Senn and F. S. Andrews, R. G. Halfacre
250 _a4th ed.
260 _aNew York :
_bMcGraw-Hill Book Company ,
_cc1975.
300 _axi, 560 p. :
_bill. ;
_c22 cm.
504 _aIncludes bibliographical references & index.
590 _aJerin
650 _aHorticulture.
700 _aSenn, T. L.
700 _aAndrews, F. S.
700 _aHalfacre, R. G.
942 _2ddc
_cBOOK
999 _c4330
_d4330